书目信息 |
| 题名: |
社会主义行政管理学
|
|
| 作者: | 戴大祝 主编 | |
| 分册: | ||
| 出版信息: | 广东 华中师范大学出版社 1985 |
|
| 页数: | 470页 | |
| 开本: | 21cm | |
| 丛书名: | ||
| 单 册: | ||
| 中图分类: | D63 , C93 | |
| 科图分类: | ||
| 主题词: | 社会主义国家--行政管理--概论 , 管理学 | |
| 电子资源: | ||
| ISBN: | ||
| 000 | 00649nam0 2200241 450 | |
| 001 | 1544218337 | |
| 005 | 20150126124448.53 | |
| 010 | @dCNY3.40 | |
| 091 | @a3406.02@dCNY3.40 | |
| 100 | @a20060228d1985 em y0chiy0120 ea | |
| 101 | 0 | @achi |
| 102 | @aCN@b440000 | |
| 105 | @ay z 000yy | |
| 200 | 1 | @a社会主义行政管理学@9she hui zhu yi xing zheng guan li xue@f戴大祝主编 |
| 210 | @a广东@c华中师范大学出版社@d1985 | |
| 215 | @a470页@d21cm | |
| 606 | 0 | @a社会主义国家@x行政管理@x概论 |
| 606 | 0 | @a管理学 |
| 690 | @aD63@v5 | |
| 690 | @aC93@v4 | |
| 701 | 0 | @a戴大祝@9dai da zhu@4主编 |
| 801 | 0 | @aCN@bTSSF@c20150126 |
| 905 | @aZUCC@dC93@eJY37 | |
| 社会主义行政管理学/戴大祝主编.-广东:华中师范大学出版社,1985 |
| 470页;21cm |
| ISBN :CNY3.40 |
| ● |
| 相关链接 |
|
|
|
|
正题名:社会主义行政管理学
索取号:C93/JY37
 
预约/预借
| 序号 | 登录号 | 条形码 | 馆藏地/架位号 | 状态 | 备注 |
| 1 | 7859928 | 278599287 | 学院路分馆/ [索取号:C93/JY37] | 在馆 |